|
|
|
|
| LEADER |
00000nam0a2200000 4500 |
| 001 |
370907 |
| 005 |
20231102012327.0 |
| 035 |
|
|
|a (RuTPU)RU\TPU\retro\28316
|
| 035 |
|
|
|a RU\TPU\retro\28314
|
| 090 |
|
|
|a 370907
|
| 100 |
|
|
|a 20220816d1961 k y0rusy50 ca
|
| 101 |
0 |
|
|a rus
|
| 102 |
|
|
|a RU
|
| 105 |
|
|
|a a z 001zy
|
| 200 |
1 |
|
|a Уртит-ийолитовые интрузии юго-восточной Тувы и некоторые вопросы их генезиса
|f В. А. Кононова
|g Академия наук СССР (АН СССР), Институт геологии рудных месторождений, петрографии, минералогии и геохимии (ИГЕМ)
|
| 210 |
|
|
|a Москва
|c Изд-во АН СССР
|d 1961
|
| 215 |
|
|
|a 110 с.
|c ил.
|e 8 табл.
|
| 225 |
1 |
|
|a Труды института геологии рудных месторождений, петрографии, минералогии и геохимии
|v Вып. 60
|
| 320 |
|
|
|a Библиогр.: с. 105-108
|
| 606 |
1 |
|
|a Геологические формации, магматические
|2 stltpush
|3 (RuTPU)RU\TPU\subj\6087
|9 34047
|
| 610 |
1 |
|
|a исследования
|
| 610 |
1 |
|
|a уртит
|
| 610 |
1 |
|
|a ийолит-уртиты
|
| 610 |
1 |
|
|a интрузии
|
| 610 |
1 |
|
|a генезис
|
| 610 |
1 |
|
|a геологическое строение
|
| 610 |
1 |
|
|a петрография
|
| 610 |
1 |
|
|a минералы
|
| 610 |
1 |
|
|a метасоматические явления
|
| 610 |
1 |
|
|a таблицы
|
| 610 |
1 |
|
|a Тува
|
| 675 |
|
|
|a 552.3
|v 4
|
| 700 |
|
1 |
|a Кононова
|b В. А.
|
| 712 |
0 |
2 |
|a Академия наук СССР (АН СССР)
|b Институт геологии рудных месторождений, петрографии, минералогии и геохимии (ИГЕМ)
|c (Москва)
|2 stltpush
|3 (RuTPU)RU\TPU\col\11398
|
| 801 |
|
1 |
|a RU
|b 63413507
|c 20150615
|
| 801 |
|
2 |
|a RU
|b 63413507
|c 20220816
|g RCR
|
| 942 |
|
|
|c BK
|